书目信息 |
| 题名: |
固体内耗理论基础
|
|
| 作者: | 葛庭燧 著 | |
| 分册: | ||
| 出版信息: | 北京 科学出版社 2000 |
|
| 页数: | 688页 | |
| 开本: | 32开 | |
| 丛书名: | 凝聚态物理学丛书 | |
| 单 册: | ||
| 中图分类: | O763 | |
| 科图分类: | ||
| 主题词: | 晶粒间界--弛豫 , 晶粒间界--构造 | |
| 电子资源: | ||
| ISBN: | 7-03-008029-7 | |
| 000 | 00766nam0 2200241 45 | |
| 001 | 0210141037 | |
| 005 | 20031219104058.3 | |
| 010 | @a7-03-008029-7@dCNY45.00 | |
| 100 | @a20021014d2000 km y0chiy0120 ea | |
| 101 | 0 | @achi |
| 105 | @a z 000yy | |
| 200 | 1 | @a固体内耗理论基础@AGu Ti Nei Hao Li Lun Ji Chu@e晶界弛豫与晶界结构@EJing Jie Chi Yu Yu Jing Jie Jie Gou@f葛庭燧著@FGe Ting Sui Zhu |
| 210 | @a北京@c科学出版社@d2000 | |
| 215 | @a688页@d32开 | |
| 225 | @a凝聚态物理学丛书 | |
| 410 | @12001 @a凝聚态物理学丛书 | |
| 517 | @a晶界弛豫与晶界结构@AJing Jie Chi Yu Yu Jing Jie Jie Gou | |
| 606 | 0 | @a晶粒间界@x弛豫 |
| 606 | 0 | @a晶粒间界@x构造 |
| 690 | @aO763@v4 | |
| 701 | @a葛庭燧@4著 | |
| 801 | @aCN@bTSTC@c20021014 | |
| 905 | @b315528-530@dO763@f3@e4 | |
| 固体内耗理论基础:晶界弛豫与晶界结构/葛庭燧著.-北京:科学出版社,2000 |
| 688页;32开.-(凝聚态物理学丛书) |
| ISBN 7-03-008029-7:CNY45.00 |
| ● |
| 相关链接 |
|
|
|
|
正题名:固体内耗理论基础
索取号:O763/4
 
预约/预借
| 序号 | 登录号 | 条形码 | 馆藏地/架位号 | 状态 | 备注 |
| 1 | 0315528 | 203155281 | 第三借阅区/ [索取号:O763/4] | 在馆 | |
| 2 | 0315529 | 203155290 | 第三借阅区/ [索取号:O763/4] | 在馆 | |
| 3 | 0315530 | 203155307 | 第二样本阅览室/ [索取号:O763/4] | 在馆 |